[Event "Mauricie op"]
[Site "Trois-Rivieres CAN"]
[Date "2009.03.21"]
[Round "2"]
[White "Anastasovski, Nikola"]
[Black "Panayotov, Ivo"]
[Result "1/2-1/2"]
[WhiteElo "2090"]
[BlackElo "1975"]
[PlyCount "90"]
[GameId "2160767910223080"]
[EventDate "2009.03.20"]
[EventType "swiss"]
[EventRounds "5"]
[EventCountry "CAN"]
[SourceTitle "hb 2009.04"]

1. e4 d5 2. exd5 Qxd5 3. Nc3 Qd6 4. Nf3 Nf6 5. h3 Bf5 6. d3 Nc6 7. Be3 e5 8. Nd2 O-O-O 9. g4 Be6 10. Bg2 a6 11. Bg5 Be7 12. Bxf6 gxf6 13. Qf3 Qb4 14. O-O-O Nd4 15. Qe4 Rd6 16. a3 Qb6 17. Nc4 Bxc4 18. dxc4 c6 19. f4 Qa5 20. Rd3 Ne6 21. fxe5 Rxd3 22. Qxd3 Qxe5 23. Qe4 h5 24. Re1 hxg4 25. hxg4 Bd6 26. Rf1 Nf4 27. Qxe5 fxe5 28. Be4 Kc7 29. Bf5 Rh2 30. Rd1 b6 31. Kb1 Ne6 32. Ne4 Be7 33. c3 Rh8 34. b4 Rd8 35. Rh1 Ng7 36. Rh7 Nxf5 37. gxf5 Rf8 38. Kc2 Kd8 39. Kd3 f6 40. c5 b5 41. Kc2 Ke8 42. Rh6 Kf7 43. Rh7+ Ke8 44. Rh6 Kf7 45. Rh7+ Ke8 1/2-1/2

[Event "Mauricie op"]
[Site "Trois-Rivieres CAN"]
[Date "2009.03.21"]
[Round "2"]
[White "Auger, Bertrand"]
[Black "Marinkovic, Mate"]
[Result "0-1"]
[WhiteElo "1961"]
[BlackElo "2117"]
[PlyCount "77"]
[GameId "2160767910223081"]
[EventDate "2009.03.20"]
[EventType "swiss"]
[EventRounds "5"]
[EventCountry "CAN"]
[SourceTitle "hb 2009.04"]

1. Nf3 Nf6 2. g3 g6 3. b4 Bg7 4. Bb2 d5 5. Bg2 O-O 6. O-O Nbd7 7. d3 Re8 8. Nbd2 e5 9. c4 d4 10. Qc2 c6 11. a4 c5 12. b5 Nh5 13. e3 dxe3 14. fxe3 f5 15. a5 Rb8 16. Bc3 Nhf6 17. Qb2 Ng4 18. Rfe1 Bh6 19. Nf1 e4 20. dxe4 fxe4 21. N3d2 Nde5 22. Nxe4 Nd3 23. Rad1 Nxb2 24. Rxd8 Rxd8 25. Bxb2 Bg7 26. Bxg7 Kxg7 27. Nxc5 Ne5 28. Bd5 b6 29. axb6 axb6 30. Na6 Bxa6 31. bxa6 Rxd5 32. cxd5 Nf3+ 33. Kf2 Nxe1 34. Kxe1 Ra8 35. Ke2 Rxa6 36. Kd3 Kf6 37. e4 Ra3+ 38. Kc2 b5 39. Kb2 0-1

[Event "Mauricie op"]
[Site "Trois-Rivieres CAN"]
[Date "2009.03.21"]
[Round "2"]
[White "Beaudoin, Stephane"]
[Black "Caceres Cortes, Julio"]
[Result "1-0"]
[WhiteElo "2205"]
[BlackElo "2005"]
[PlyCount "51"]
[GameId "2160767910223082"]
[EventDate "2009.03.20"]
[EventType "swiss"]
[EventRounds "5"]
[EventCountry "CAN"]
[SourceTitle "hb 2009.04"]

1. e4 c5 2. Nf3 d6 3. d4 cxd4 4. Nxd4 Nf6 5. Bd3 Nc6 6. Nxc6 bxc6 7. O-O g6 8. b3 Bg7 9. Bb2 O-O 10. Qe2 Bg4 11. f3 Qb6+ 12. Kh1 Be6 13. Nc3 Qa5 14. Na4 Qh5 15. Rae1 Bh6 16. Qf2 Nd7 17. f4 f6 18. f5 gxf5 19. exf5 Bd5 20. c4 Bf7 21. Rxe7 Ne5 22. Be2 Qg5 23. Nc3 Rfd8 24. Ne4 Qg7 25. Bh5 Rd7 26. Bxf7+ 1-0

[Event "Mauricie op"]
[Site "Trois-Rivieres CAN"]
[Date "2009.03.21"]
[Round "2"]
[White "Caire, Francois"]
[Black "Robichaud, Louis"]
[Result "1-0"]
[WhiteElo "2229"]
[BlackElo "2090"]
[PlyCount "95"]
[GameId "2160767910223083"]
[EventDate "2009.03.20"]
[EventType "swiss"]
[EventRounds "5"]
[EventCountry "CAN"]
[SourceTitle "hb 2009.04"]

1. d4 Nf6 2. c4 g6 3. Nc3 Bg7 4. e4 d6 5. Nf3 O-O 6. Be2 e5 7. O-O Nc6 8. d5 Ne7 9. Ne1 Nd7 10. Be3 f5 11. f3 f4 12. Bf2 g5 13. Rc1 Rf6 14. Nd3 Rh6 15. c5 Qe8 16. Nb5 Qh5 17. h4 gxh4 18. Nxc7 Rb8 19. cxd6 Ng6 20. Ne6 Nf6 21. Kh2 Nf8 22. Ndc5 a6 23. Nxf8 Bxf8 24. d7 Nxd7 25. Nxd7 Bxd7 26. Rc7 Qe8 27. Qb3 b5 28. Ra7 Qc8 29. Qc3 Qxc3 30. bxc3 Be8 31. Rb1 Rc8 32. Rc1 b4 33. c4 Bb5 34. Kg1 h3 35. g4 fxg3 36. Be3 Bc5 37. Bxc5 Rxc5 38. Re7 Rh5 39. f4 Rh4 40. Rxe5 Rxf4 41. Rg5+ Kf7 42. Rxg3 Rxe4 43. Rf1+ Ke7 44. Rg7+ Kd8 45. cxb5 Rxe2 46. Rf8+ Re8 47. Rxe8+ Kxe8 48. bxa6 1-0

[Event "Mauricie op"]
[Site "Trois-Rivieres CAN"]
[Date "2009.03.21"]
[Round "2"]
[White "Chartrand, Jean Bruno"]
[Black "Fortier, Marc-Andre"]
[Result "0-1"]
[WhiteElo "2004"]
[BlackElo "2147"]
[PlyCount "74"]
[GameId "2160767910223084"]
[EventDate "2009.03.20"]
[EventType "swiss"]
[EventRounds "5"]
[EventCountry "CAN"]
[SourceTitle "hb 2009.04"]

1. d4 Nf6 2. c4 g6 3. Nc3 Bg7 4. e4 d6 5. Nf3 O-O 6. Be2 e5 7. O-O Nc6 8. d5 Ne7 9. Ne1 Ne8 10. Be3 f5 11. f3 f4 12. Bf2 g5 13. g4 fxg3 14. hxg3 Bh3 15. Ng2 Ng6 16. c5 a6 17. Rc1 h5 18. cxd6 Nxd6 19. Na4 b6 20. Qc2 Rf7 21. b3 Qf6 22. Qc6 Raf8 23. Nxb6 h4 24. Nc4 hxg3 25. Bxg3 Nf4 26. Bxf4 gxf4 27. Rf2 Bh8 28. Nxd6 cxd6 29. Qxa6 Qh6 30. Rc6 Rh7 31. Rxd6 Bf6 32. Bf1 Bc8 33. Rc2 Qh2+ 34. Kf2 Bh4+ 35. Ke2 Bxa6+ 36. Rxa6 Rg7 37. Kd3 Qg1 0-1

[Event "Mauricie op"]
[Site "Trois-Rivieres CAN"]
[Date "2009.03.21"]
[Round "2"]
[White "Drolet, Stephane"]
[Black "Xiong, Jerry"]
[Result "1/2-1/2"]
[WhiteElo "2141"]
[BlackElo "2046"]
[PlyCount "46"]
[GameId "2160767910223085"]
[EventDate "2009.03.20"]
[EventType "swiss"]
[EventRounds "5"]
[EventCountry "CAN"]
[SourceTitle "hb 2009.04"]

1. d4 d5 2. Nf3 Nf6 3. g3 Bg4 4. Bg2 e6 5. c4 Bxf3 6. Bxf3 c6 7. Qb3 Qc8 8. Nc3 Nbd7 9. e4 dxe4 10. Nxe4 Nxe4 11. Bxe4 Bd6 12. Qc2 h6 13. b3 Nb6 14. Bf3 O-O 15. O-O Re8 16. Bb2 Qc7 17. Rfe1 Rad8 18. Bc3 Be7 19. a4 Nd7 20. b4 Bf6 21. Be4 Nb6 22. Qe2 Nc8 23. Rad1 Nd6 1/2-1/2

[Event "Mauricie op"]
[Site "Trois-Rivieres CAN"]
[Date "2009.03.21"]
[Round "2"]
[White "Forget, Luc"]
[Black "Prahov, Valentin"]
[Result "1/2-1/2"]
[WhiteElo "2013"]
[BlackElo "2220"]
[PlyCount "145"]
[GameId "2160767910223086"]
[EventDate "2009.03.20"]
[EventType "swiss"]
[EventRounds "5"]
[EventCountry "CAN"]
[SourceTitle "EXT 2011"]
[Source "ChessBase"]
[SourceDate "2011.11.26"]
[SourceVersion "1"]
[SourceVersionDate "2011.11.26"]
[SourceQuality "1"]

1. d4 Nf6 2. c4 g6 3. Nc3 d5 4. cxd5 Nxd5 5. Bd2 Bg7 6. Nf3 O-O 7. e4 Nxc3 8. Bxc3 c5 9. Be2 cxd4 10. Bxd4 Nc6 11. Bxg7 Kxg7 12. O-O Qb6 13. Qc2 Bg4 14. Qc3+ Kg8 15. Rfd1 Rad8 16. b3 Bxf3 17. Qxf3 Nd4 18. Qe3 e5 19. Bc4 Qf6 20. Rac1 g5 21. Bd5 Rd7 22. Rc3 Rfd8 23. Rcd3 Rc7 24. h3 Rdc8 25. a4 b6 26. g3 Rc2 27. Rxd4 exd4 28. Qxd4 Qf3 29. Bc4 h5 30. Rf1 Re8 31. Qd7 Rf8 32. Qe7 Ra2 33. Qxg5+ Kh7 34. Qf5+ Qxf5 35. exf5 Kg7 36. Rd1 Kf6 37. Rd7 Kxf5 38. Rxa7 Kg6 39. Rb7 f6 40. Bd3+ f5 41. Rxb6+ Rf6 42. Rb5 Rd2 43. Rd5 Rb2 44. g4 hxg4 45. hxg4 Rxb3 46. Bxf5+ Kg7 47. Kg2 Ra3 48. Rd4 Kh6 49. f3 Ra6 50. Bd7 Rf6 51. f4 Rb6 52. Bb5 Re6 53. Rd2 Ree3 54. g5+ Kg6 55. Rd6+ Kg7 56. Bc6 Ra2+ 57. Kf1 Rc3 58. Rd7+ Kf8 59. Rd8+ Kg7 60. Rd7+ Kg6 61. Be4+ Kh5 62. Rd1 Rxa4 63. Re1 Kg4 64. g6 Kxf4 65. g7 Rg3 66. Bc6 Ra6 67. Bb5 Rb6 68. Bc4 Rxg7 69. Kf2 Rh6 70. Re6 Rh2+ 71. Ke1 Ra7 72. Be2 Ra2 73. Re7 1/2-1/2

[Event "Mauricie op"]
[Site "Trois-Rivieres CAN"]
[Date "2009.03.21"]
[Round "2"]
[White "Gaulin, Gaetan"]
[Black "Libersan, Thierry"]
[Result "0-1"]
[WhiteElo "1988"]
[BlackElo "2117"]
[PlyCount "104"]
[GameId "2160767910223087"]
[EventDate "2009.03.20"]
[EventType "swiss"]
[EventRounds "5"]
[EventCountry "CAN"]
[SourceTitle "hb 2009.04"]

1. Nf3 Nf6 2. c4 g6 3. g3 Bg7 4. Bg2 O-O 5. O-O d6 6. Nc3 e5 7. d4 Nbd7 8. dxe5 dxe5 9. e4 c6 10. h3 Qc7 11. Be3 Re8 12. Qd3 Bf8 13. Rfd1 Nc5 14. Qc2 a5 15. b3 Nfd7 16. Kh2 Ne6 17. Na4 b6 18. Rab1 Ndc5 19. Nxc5 bxc5 20. Qd2 a4 21. Qb2 f6 22. Ng1 Rb8 23. Qc1 axb3 24. Rxb3 Ra8 25. Qb2 Nd4 26. Bxd4 cxd4 27. Nf3 Be6 28. Bf1 Ra7 29. Rd2 Rea8 30. Qb1 Ra4 31. Rc2 Qa5 32. Rb6 Rxa2 33. Rxa2 Qxa2 34. Qxa2 Rxa2 35. Kg2 Bd7 36. Rb7 Be8 37. Rb8 Kf7 38. Rb7+ Be7 39. g4 g5 40. Ne1 Kf8 41. Bd3 Ra3 42. Kf1 Rc3 43. Rc7 Bd6 44. Rc8 Ke7 45. Ra8 Bb4 46. Ke2 Bf7 47. Nc2 c5 48. Rb8 Bxc4 49. Nxb4 cxb4 50. Bxc4 Rxc4 51. Rb7+ Kd6 52. Rb6+ Kc5 0-1

[Event "Mauricie op"]
[Site "Trois-Rivieres CAN"]
[Date "2009.03.21"]
[Round "2"]
[White "Hua, Lefong"]
[Black "Jiang, Louie"]
[Result "1-0"]
[WhiteElo "2326"]
[BlackElo "2185"]
[PlyCount "104"]
[GameId "2160767910223089"]
[EventDate "2009.03.20"]
[EventType "swiss"]
[EventRounds "5"]
[EventCountry "CAN"]
[SourceTitle "EXT 2011"]
[Source "ChessBase"]
[SourceDate "2011.11.26"]
[SourceVersion "1"]
[SourceVersionDate "2011.11.26"]
[SourceQuality "1"]

1. d4 d5 2. c4 e6 3. Nc3 Nf6 4. cxd5 exd5 5. Bg5 c6 6. Qc2 Be7 7. e3 Nbd7 8. Bd3 O-O 9. Nf3 Re8 10. O-O Nf8 11. h3 Ne4 12. Bf4 Nd6 13. Rfe1 Be6 14. Na4 Ne4 15. a3 Ng6 16. Bh2 f5 17. Nc5 Bc8 18. b4 Nh4 19. Ne5 Bd6 20. f3 Ng5 21. Bg3 Ng6 22. Bxf5 Nxe5 23. dxe5 Bxc5 24. bxc5 Bxf5 25. Qxf5 Ne6 26. Qc2 Qe7 27. Rac1 Rf8 28. f4 g6 29. Rf1 Rae8 30. Kh2 Rf7 31. Bf2 Rd8 32. g3 Qf8 33. Kg2 Rfd7 34. Rfd1 Rc7 35. e4 dxe4 36. Qxe4 Rcd7 37. Rd6 Rxd6 38. cxd6 a6 39. Bb6 Rd7 40. Rf1 Rf7 41. Be3 Qc8 42. g4 Ng7 43. Qc4 h5 44. Kg3 Qd7 45. a4 Kh7 46. a5 Kg8 47. Bb6 Kf8 48. Rf2 Ke8 49. e6 h4+ 50. Kg2 Nxe6 51. Re2 Rf6 52. g5 Qd8 1-0

[Event "Mauricie op"]
[Site "Trois-Rivieres CAN"]
[Date "2009.03.21"]
[Round "2"]
[White "Luksza, Arkadiusz"]
[Black "Laptos, Krzysztof"]
[Result "0-1"]
[WhiteElo "2188"]
[BlackElo "2181"]
[PlyCount "84"]
[GameId "2160767910223090"]
[EventDate "2009.03.20"]
[EventType "swiss"]
[EventRounds "5"]
[EventCountry "CAN"]
[SourceTitle "EXT 2011"]
[Source "ChessBase"]
[SourceDate "2011.11.26"]
[SourceVersion "1"]
[SourceVersionDate "2011.11.26"]
[SourceQuality "1"]

1. d4 d6 2. c4 Nf6 3. Nc3 Nbd7 4. e4 e5 5. d5 Nc5 6. Qc2 a5 7. Be2 c6 8. Nf3 Be7 9. O-O O-O 10. Be3 Qc7 11. h3 Bd7 12. Rac1 g6 13. Rfd1 Ncxe4 14. Nxe4 Nxe4 15. Bh6 f5 16. Bxf8 Bxf8 17. Bd3 Nf6 18. Ng5 Bh6 19. h4 c5 20. Re1 Re8 21. Qd1 Bg7 22. Bc2 h6 23. Nh3 Bc8 24. Ba4 Rf8 25. Bc2 Nh5 26. Qd2 Qd8 27. Bd1 Qxh4 28. Bxh5 Qxh5 29. Rc3 g5 30. Kf1 Qg6 31. Rb3 e4 32. Qc2 Re8 33. Ke2 f4 34. Kd1 Bg4+ 35. f3 Bf5 36. fxe4 Bxe4 37. Rxe4 Rxe4 38. Qd3 Qe8 39. Rxb7 Bxb2 40. Rxb2 Rd4 41. Rd2 Rxd3 42. Rxd3 Qa4+ 0-1

[Event "Mauricie op"]
[Site "Trois-Rivieres CAN"]
[Date "2009.03.21"]
[Round "2"]
[White "Mai, Lloyd"]
[Black "Wilkin, Alain"]
[Result "1/2-1/2"]
[WhiteElo "2115"]
[BlackElo "1965"]
[PlyCount "134"]
[GameId "2160767910223091"]
[EventDate "2009.03.20"]
[EventType "swiss"]
[EventRounds "5"]
[EventCountry "CAN"]
[SourceTitle "hb 2009.04"]

1. e4 c5 2. Nf3 e6 3. d3 Nc6 4. g3 d6 5. Bg2 Nf6 6. O-O Be7 7. Nbd2 O-O 8. Re1 Nd7 9. Nf1 Bf6 10. Qe2 Nd4 11. Nxd4 cxd4 12. f4 Qc7 13. Qf2 a5 14. g4 g6 15. g5 Bg7 16. Re2 Nc5 17. h4 f6 18. Nh2 fxg5 19. hxg5 e5 20. Qh4 Qe7 21. Rf2 exf4 22. Bxf4 Ne6 23. Raf1 Nxf4 24. Rxf4 Rxf4 25. Rxf4 Be5 26. Rf2 Be6 27. a3 Rf8 28. Ng4 Bxg4 29. Rxf8+ Kxf8 30. Qxg4 Qc7 31. Qf3+ Kg7 32. Qf2 Qe7 33. Qd2 b6 34. c3 Qe6 35. Kf1 Qg4 36. cxd4 Bxd4 37. b3 Qg3 38. Qc2 Qf4+ 39. Ke1 Qe3+ 40. Qe2 Qc1+ 41. Qd1 Qxg5 42. Bf3 Qe3+ 43. Be2 h5 44. Qc2 Qg3+ 45. Kd1 Be3 46. Qc7+ Kh6 47. Qf7 Bd4 48. Qf8+ Bg7 49. Qd8 Qg1+ 50. Kd2 Qd4 51. a4 Qb4+ 52. Ke3 Kh7 53. Qe7 Qc5+ 54. Kd2 Qd4 55. Qf7 Qb2+ 56. Ke3 Qc1+ 57. Kf2 Kh6 58. Kf3 Qh1+ 59. Ke3 Qg1+ 60. Kd2 Qg5+ 61. Kd1 h4 62. Qf3 Kh7 63. Qg4 Qf6 64. Ke1 Bh6 65. Qd7+ Bg7 66. Qg4 Bh6 67. Qd7+ Bg7 1/2-1/2

[Event "Mauricie op"]
[Site "Trois-Rivieres CAN"]
[Date "2009.03.21"]
[Round "2"]
[White "Masse, Hugues"]
[Black "Sambuev, Bator"]
[Result "0-1"]
[WhiteElo "2311"]
[BlackElo "2495"]
[PlyCount "82"]
[GameId "2160767910223092"]
[EventDate "2009.03.20"]
[EventType "swiss"]
[EventRounds "5"]
[EventCountry "CAN"]
[SourceTitle "EXT 2011"]
[Source "ChessBase"]
[SourceDate "2011.11.26"]
[SourceVersion "1"]
[SourceVersionDate "2011.11.26"]
[SourceQuality "1"]

1. d4 Nf6 2. c4 g6 3. Nc3 Bg7 4. e4 O-O 5. Nf3 d6 6. Be2 e5 7. Be3 Ng4 8. Bg5 f6 9. Bh4 g5 10. Bg3 Nh6 11. d5 f5 12. exf5 Nxf5 13. Nd2 Nd7 14. Nde4 h6 15. Bd3 b6 16. O-O Nc5 17. Bb1 a5 18. Nxc5 bxc5 19. Be4 Rb8 20. Nb5 Nd4 21. Nxd4 exd4 22. Qc2 Qf6 23. Rae1 Bf5 24. b3 Rb4 25. f3 a4 26. Bxf5 Qxf5 27. Qxf5 Rxf5 28. Re8+ Rf8 29. Rxf8+ Kxf8 30. Rb1 axb3 31. axb3 Rb8 32. Kf1 Ra8 33. b4 cxb4 34. Rxb4 Ra2 35. Rb8+ Ke7 36. c5 dxc5 37. Bxc7 d3 38. Rb7 Ke8 39. Rb8+ Kd7 40. d6 Ra1+ 41. Kf2 d2 0-1

[Event "Mauricie op"]
[Site "Trois-Rivieres CAN"]
[Date "2009.03.21"]
[Round "2"]
[White "Regan, Kenneth"]
[Black "Qin, Zi Yi (Joey)"]
[Result "1-0"]
[WhiteElo "2405"]
[BlackElo "2226"]
[PlyCount "89"]
[GameId "2160767910223094"]
[EventDate "2009.03.20"]
[EventType "swiss"]
[EventRounds "5"]
[EventCountry "CAN"]
[SourceTitle "hb 2009.04"]

1. e4 c5 2. c3 Nf6 3. e5 Nd5 4. d4 cxd4 5. Nf3 e6 6. cxd4 d6 7. Bc4 Nb6 8. Bd3 Nc6 9. Nc3 Be7 10. Qe2 a6 11. O-O d5 12. Be3 Bd7 13. Nd2 h5 14. f4 g6 15. Nf3 Nb4 16. Bb1 Na4 17. Rc1 Rc8 18. Nxa4 Bxa4 19. a3 Rxc1+ 20. Bxc1 Qc7 21. Bd2 Bb5 22. Qd1 Nd3 23. b3 Nb2 24. Qe1 Qb6 25. Ba5 Qc6 26. Qd2 b6 27. Bb4 Bxb4 28. axb4 Kd7 29. Ra2 Nc4 30. Qc1 Rc8 31. Rc2 Qb7 32. bxc4 Bxc4 33. f5 gxf5 34. Qg5 Bb3 35. Rb2 Ba4 36. Qxh5 Rc1+ 37. Kf2 Ke8 38. Ng5 Qc7 39. Nxe6 Rf1+ 40. Kxf1 Qc1+ 41. Kf2 Qxb2+ 42. Kg3 Qxb1 43. Qh8+ Kd7 44. Qd8+ Kxe6 45. Qd6# 1-0

[Event "Mauricie op"]
[Site "Trois-Rivieres CAN"]
[Date "2009.03.21"]
[Round "2"]
[White "Torre, Alex"]
[Black "Voloaca, Mihnea"]
[Result "0-1"]
[WhiteElo "2221"]
[BlackElo "2346"]
[PlyCount "58"]
[GameId "2160767910223095"]
[EventDate "2009.03.20"]
[EventType "swiss"]
[EventRounds "5"]
[EventCountry "CAN"]
[SourceTitle "EXT 2011"]
[Source "ChessBase"]
[SourceDate "2011.11.26"]
[SourceVersion "1"]
[SourceVersionDate "2011.11.26"]
[SourceQuality "1"]

1. e4 e5 2. Nf3 Nc6 3. Bb5 a6 4. Ba4 Nf6 5. O-O Be7 6. Re1 b5 7. Bb3 d6 8. c3 O-O 9. h3 Nb8 10. d4 Nbd7 11. Nbd2 Bb7 12. Bc2 Re8 13. Nf1 Bf8 14. Ng3 g6 15. a4 Bg7 16. Bd2 c5 17. d5 c4 18. Be3 Qc7 19. Qd2 Nc5 20. Nh4 bxa4 21. Bxa4 Nxd5 22. exd5 Ne4 23. Qc2 Nc5 24. Bxe8 Rxe8 25. Red1 Nd3 26. Rxd3 cxd3 27. Qxd3 e4 28. Qe2 Re5 29. Rd1 Qc8 0-1

[Event "Mauricie op"]
[Site "Trois-Rivieres CAN"]
[Date "2009.03.21"]
[Round "2"]
[White "Trinh, Tri Bao"]
[Black "Bolduc, Steve"]
[Result "1/2-1/2"]
[WhiteElo "2066"]
[BlackElo "2314"]
[PlyCount "87"]
[GameId "2160767910223096"]
[EventDate "2009.03.20"]
[EventType "swiss"]
[EventRounds "5"]
[EventCountry "CAN"]
[SourceTitle "hb 2009.04"]

1. c4 c5 2. Nf3 Nf6 3. g3 b6 4. Bg2 Bb7 5. O-O e6 6. Nc3 Be7 7. d4 cxd4 8. Qxd4 d6 9. b3 Nbd7 10. Bb2 a6 11. Rfd1 Qc7 12. Rac1 Rc8 13. h3 O-O 14. g4 Rfd8 15. g5 Ne8 16. h4 Nf8 17. Qg4 Ng6 18. h5 Bxf3 19. exf3 Ne5 20. Qg3 g6 21. f4 Nd7 22. h6 b5 23. cxb5 Qa5 24. Bb7 Rc7 25. bxa6 Nc5 26. Ne4 Nxb7 27. Rxc7 Qxc7 28. Rc1 Nc5 29. Qc3 e5 30. fxe5 Ne6 31. Qxc7 N6xc7 32. exd6 Bxd6 33. Nxd6 Rxd6 34. Be5 Rxa6 35. Bxc7 Rxa2 36. Be5 f5 37. Ra1 Rxa1+ 38. Bxa1 Nd6 39. Be5 Nb5 40. f4 Kf7 41. Kf2 Ke6 42. Ke3 Kd5 43. Kd3 Kc5 44. Kc2 1/2-1/2

[Event "Mauricie op"]
[Site "Trois-Rivieres CAN"]
[Date "2009.03.21"]
[Round "3"]
[White "Bolduc, Steve"]
[Black "Luksza, Arkadiusz"]
[Result "0-1"]
[WhiteElo "2314"]
[BlackElo "2188"]
[PlyCount "76"]
[GameId "2160767910223097"]
[EventDate "2009.03.20"]
[EventType "swiss"]
[EventRounds "5"]
[EventCountry "CAN"]
[SourceTitle "hb 2009.04"]

1. d4 d5 2. c4 e5 3. dxe5 d4 4. Nf3 Nc6 5. g3 Nge7 6. Bg2 Ng6 7. O-O Be7 8. b3 Ngxe5 9. Bb2 Nxf3+ 10. Bxf3 Bh3 11. Re1 Qd7 12. Na3 Bb4 13. Nc2 Bxe1 14. Qxe1 O-O-O 15. Rd1 Bg4 16. Bg2 Rhe8 17. f3 Bh3 18. Nxd4 Bxg2 19. Kxg2 f5 20. Qf2 Nxd4 21. Rxd4 Qe7 22. Kf1 Rxd4 23. Bxd4 Qd7 24. e3 b6 25. b4 Qa4 26. c5 Qxb4 27. Qc2 g6 28. cxb6 Qb5+ 29. Kf2 axb6 30. a4 Qa5 31. Qc6 Rd8 32. g4 Qd5 33. Qf6 fxg4 34. f4 Rd6 35. Qh8+ Kb7 36. Qxh7 Rc6 37. Ke2 Qa2+ 38. Kd1 Rc2 0-1

[Event "Mauricie op"]
[Site "Trois-Rivieres CAN"]
[Date "2009.03.21"]
[Round "3"]
[White "Caceres Cortes, Julio"]
[Black "Ramaswamy, Kishor"]
[Result "0-1"]
[WhiteElo "2006"]
[BlackElo "2162"]
[PlyCount "60"]
[GameId "2160767910223098"]
[EventDate "2009.03.20"]
[EventType "swiss"]
[EventRounds "5"]
[EventCountry "CAN"]
[SourceTitle "hb 2009.04"]

1. Nf3 d5 2. c4 c6 3. d4 Nf6 4. Nc3 e6 5. Bg5 Nbd7 6. e3 Qa5 7. Nd2 Bb4 8. Bxf6 Nxf6 9. Qc2 O-O 10. Bd3 c5 11. O-O cxd4 12. Nb3 Qc7 13. Nb5 Qb8 14. cxd5 dxe3 15. fxe3 Qe5 16. a3 Be7 17. d6 Bxd6 18. Nxd6 Qxd6 19. Rad1 Qe5 20. Rf3 b6 21. Rdf1 Bb7 22. Rg3 g6 23. Nd4 Rac8 24. Qa4 a5 25. Qb5 Nd5 26. Rgf3 Rc5 27. Qa4 Nxe3 28. Rxf7 Nxf1 29. Rxf8+ Kxf8 30. Qd7 Qxh2+ 0-1

[Event "Mauricie op"]
[Site "Trois-Rivieres CAN"]
[Date "2009.03.21"]
[Round "3"]
[White "Fortier, Marc-Andre"]
[Black "Forget, Luc"]
[Result "0-1"]
[WhiteElo "2147"]
[BlackElo "2013"]
[PlyCount "152"]
[GameId "2160767910223099"]
[EventDate "2009.03.20"]
[EventType "swiss"]
[EventRounds "5"]
[EventCountry "CAN"]
[SourceTitle "hb 2009.04"]

1. e4 c6 2. d4 d5 3. f3 dxe4 4. fxe4 e5 5. Nf3 Nf6 6. Bc4 exd4 7. O-O b5 8. Bb3 Bc5 9. Ng5 O-O 10. Nxf7 Rxf7 11. Bxf7+ Kh8 12. Bg5 Nbd7 13. Nd2 Ne5 14. Bxf6 gxf6 15. Bh5 Bd6 16. Nf3 c5 17. Nxe5 Bxe5 18. Bg4 Qd6 19. h3 Bb7 20. Qf3 Rd8 21. Rad1 a5 22. Bf5 a4 23. Qh5 Qe7 24. Qh4 Bc6 25. Rf3 Rg8 26. Re1 Rg7 27. b3 b4 28. g4 Bb5 29. Kh1 c4 30. bxa4 Bxa4 31. Qf2 Qd6 32. Rb1 Rg8 33. Qe2 Qc5 34. Be6 Rd8 35. Bxc4 Be8 36. Rfb3 Rb8 37. a3 Bd6 38. Rxb4 Rxb4 39. axb4 Qe5 40. Rf1 Kg7 41. Rf5 Qg3 42. Rf3 Qe5 43. b5 Bc7 44. Bd3 Bd7 45. Rf2 Qg5 46. Qf3 Be5 47. Rf1 h6 48. Ra1 Qd2 49. Qe2 Qxe2 50. Bxe2 d3 51. Re1 Bc3 52. Bxd3 Bxe1 53. Kg2 Bc3 54. Kg3 Kf7 55. Kh4 Be1+ 56. Kh5 Kg7 57. g5 hxg5 58. e5 Bxh3 59. b6 Ba5 60. b7 Bc7 61. exf6+ Kxf6 62. Be4 Ke5 63. Bc6 Kf4 64. c4 Be6 65. c5 Bf7+ 66. Kh6 g4 67. Kg7 Be6 68. Kf6 Bf5 69. Ke7 g3 70. Bg2 Ke5 71. c6 Kd4 72. Ke8 Kc5 73. Ke7 Bg4 74. Kf6 Kd6 75. Kf7 Be6+ 76. Ke8 Bc4 0-1

[Event "Mauricie op"]
[Site "Trois-Rivieres CAN"]
[Date "2009.03.21"]
[Round "3"]
[White "Hamilton, Robert"]
[Black "Prahov, Valentin"]
[Result "1/2-1/2"]
[WhiteElo "2349"]
[BlackElo "2220"]
[PlyCount "49"]
[GameId "2160767910223100"]
[EventDate "2009.03.20"]
[EventType "swiss"]
[EventRounds "5"]
[EventCountry "CAN"]
[SourceTitle "EXT 2011"]
[Source "ChessBase"]
[SourceDate "2011.11.26"]
[SourceVersion "1"]
[SourceVersionDate "2011.11.26"]
[SourceQuality "1"]

1. d4 Nf6 2. c4 g6 3. f3 d5 4. cxd5 Nxd5 5. e4 Nb6 6. Nc3 Bg7 7. Be3 O-O 8. Qd2 Nc6 9. O-O-O e5 10. d5 Nd4 11. Bh6 f6 12. Bxg7 Kxg7 13. Nge2 c5 14. dxc6 Nxc6 15. Qe3 Qe7 16. Nd5 Qf7 17. Nec3 Be6 18. f4 Rfd8 19. Bb5 exf4 20. Nxf4 Bxa2 21. Bxc6 bxc6 22. e5 Bc4 23. g3 Re8 24. exf6+ Qxf6 25. Qc5 1/2-1/2

[Event "Mauricie op"]
[Site "Trois-Rivieres CAN"]
[Date "2009.03.21"]
[Round "3"]
[White "Jiang, Louie"]
[Black "Cournoyer, Dominic"]
[Result "1-0"]
[WhiteElo "2185"]
[BlackElo "1955"]
[PlyCount "71"]
[GameId "2160767910223101"]
[EventDate "2009.03.20"]
[EventType "swiss"]
[EventRounds "5"]
[EventCountry "CAN"]
[SourceTitle "hb 2009.04"]

1. e4 d5 2. exd5 Nf6 3. d4 Nxd5 4. c4 Nb6 5. Nc3 e5 6. d5 c6 7. Nf3 Bg4 8. h3 Bxf3 9. Qxf3 Bc5 10. Bd3 cxd5 11. cxd5 N8d7 12. O-O O-O 13. Be3 Bxe3 14. fxe3 Nf6 15. Rad1 Nbd7 16. Rf2 Nc5 17. Bb1 Qe7 18. b4 Ncd7 19. d6 Qe6 20. Ne4 b6 21. Ng5 Qc4 22. a3 h6 23. Ba2 Qc3 24. Nxf7 Kh7 25. g4 e4 26. Qg3 Qxa3 27. g5 Nh5 28. g6+ Kg8 29. Qh4 Ndf6 30. Nxh6+ Kh8 31. Ng4 Nxg4 32. hxg4 Qxe3 33. Qxh5+ Qh6 34. Rh2 Rf3 35. g5 Rg3+ 36. Kh1 1-0

[Event "Mauricie op"]
[Site "Trois-Rivieres CAN"]
[Date "2009.03.21"]
[Round "3"]
[White "Laptos, Krzysztof"]
[Black "Abran, David"]
[Result "1-0"]
[WhiteElo "2181"]
[BlackElo "1737"]
[PlyCount "43"]
[GameId "2160767910223104"]
[EventDate "2009.03.20"]
[EventType "swiss"]
[EventRounds "5"]
[EventCountry "CAN"]
[SourceTitle "EXT 2011"]
[Source "ChessBase"]
[SourceDate "2011.11.26"]
[SourceVersion "1"]
[SourceVersionDate "2011.11.26"]
[SourceQuality "1"]

1. Nf3 d5 2. c4 e6 3. g3 Nf6 4. Bg2 Be7 5. O-O c6 6. Qc2 Nbd7 7. d4 O-O 8. Nbd2 Re8 9. e4 dxe4 10. Nxe4 Nxe4 11. Qxe4 c5 12. Rd1 cxd4 13. Nxd4 Nc5 14. Qc2 Qb6 15. Be3 Bd7 16. a3 a5 17. Nf5 Bc6 18. Nxe7+ Rxe7 19. b4 axb4 20. axb4 Rxa1 21. Rxa1 Qxb4 22. Bxc6 1-0

[Event "Mauricie op"]
[Site "Trois-Rivieres CAN"]
[Date "2009.03.21"]
[Round "3"]
[White "Larochelle, Martial"]
[Black "Anastasovski, Nikola"]
[Result "0-1"]
[WhiteElo "2200"]
[BlackElo "2091"]
[PlyCount "76"]
[GameId "2160767910223105"]
[EventDate "2009.03.20"]
[EventType "swiss"]
[EventRounds "5"]
[EventCountry "CAN"]
[SourceTitle "hb 2009.04"]

1. c4 c5 2. Nf3 Nc6 3. d4 cxd4 4. Nxd4 g6 5. e4 Bg7 6. Be3 Nf6 7. Nc3 d6 8. Be2 Bd7 9. O-O O-O 10. Rb1 a6 11. f3 Qc7 12. Qd2 Nxd4 13. Bxd4 Rac8 14. Rbc1 Bc6 15. Rfd1 Rfd8 16. Bf1 e6 17. Qf2 Qe7 18. Rc2 Nd7 19. Bxg7 Kxg7 20. Rcd2 Nf6 21. Qb6 Ne8 22. e5 d5 23. cxd5 exd5 24. Nxd5 Qxe5 25. Nb4 Rxd2 26. Rxd2 Bb5 27. Nd3 Qd5 28. Qe3 Nf6 29. a3 Rd8 30. Be2 Re8 31. Qf2 Rd8 32. Bf1 Rd6 33. Qe3 Nd7 34. Rc2 Bxd3 35. Rd2 Ne5 36. b3 a5 37. f4 Ng4 38. Qa7 b6 0-1